LIBRARY & INFORMATION CENTRE, KCAET, TAVANUR

ONLINE PUBLIC ACCESS CATALOGUE (OPAC)

Fluid Mechanics and Fluid Power Engineering / (Record no. 12909)

MARC details
000 -LEADER
fixed length control field 00978cam a2200169ua 4500
003 - CONTROL NUMBER IDENTIFIER
control field OSt
008 - FIXED-LENGTH DATA ELEMENTS--GENERAL INFORMATION
fixed length control field 220128b ||||| |||| 00| 0 eng d
020 ## - INTERNATIONAL STANDARD BOOK NUMBER
ISBN 9788185749181
082 ## - DEWEY DECIMAL CLASSIFICATION NUMBER
Classification number 532
Item number KUM/FL
100 ## - MAIN ENTRY--AUTHOR NAME
Personal name Kumar, D.S .
245 ## - TITLE STATEMENT
Title Fluid Mechanics and Fluid Power Engineering /
250 ## - EDITION STATEMENT
Edition statement 6 th /
260 ## - PUBLICATION, DISTRIBUTION, ETC. (IMPRINT)
Place of publication New Delhi :
Name of publisher S.K Katria & Sons ,
Year of publication 2007.
300 ## - PHYSICAL DESCRIPTION
Number of Pages ; .
505 ## - FORMATTED CONTENTS NOTE
Formatted contents note Introduction • Physical Properties of Fluids • Fluid Statics • Fluid Kinematics • Fluid Dynamics (Momentum and Energy Principles) • Dimensional Analysis and Model Similitude • Potential Flow • Laminar Viscous Flow • Turbulence and Turbulent Flow through Pipes • Laminar and Turbulent Boundary Layer Flows • Flow around Immersed Bodies: Drag and Lift • Flow in Open Channels • Compressible Flow • Fluid Measurements • Impact of Free Jets • Hydraulic Turbines • Hydraulic Pumps • Hydraulic Systems • Bibliography • Index.
942 ## - ADDED ENTRY ELEMENTS (KOHA)
Koha item type Books
Holdings
Withdrawn status Lost status Damaged status Home library Current library Date acquired Full call number Accession Number Koha item type Collection code Shelving location Source of acquisition Cost, normal purchase price
      KAUAET KAUAET 07/04/2012 532 21182 Books        
      KAUAET KAUAET 07/04/2012 532 21812 Books        
      KAUAET KAUAET 30/03/2013 532 KUM/FL 23742 Books Non-fiction General Stacks Calicut Book Distributors 440.00
      KAUAET KAUAET 05/09/2016 532 KUM/FL BB 7 Book Bank scheme for SC students   Scheme Cosmo Books, Thrissur. 290.00
      KAUAET KAUAET 05/09/2016 532 KUM/FL BB 8 Book Bank scheme for SC students   General Stacks Cosmo Books, Thrissur. 290.00
free website counter